000 01016nam a2200289 i 4500
003 EG-GICUC
005 20260416113215.0
008 260408s1928 fr ||||fr|||| 000 0 fre d
040 _aEG-GiCUC
_bfre
_cEG-GiCUC
_dEG-GiCUC
_eRda
082 0 4 _221
_a341.33
_bR E . H
092 0 4 _221
099 _aLaw1 11 341.33 R E . H 1928
100 1 _aRenouvin
_eAuteur
245 1 0 _aHistoire Diplomatique De 1815 A 1914 /
_cCours De M. Le Profeucur Renouvin.
264 1 _aParis :
_bInstitut Des Hautes Etudes Internationales Centre Européen De La Dotation Carnegie,
_c1928.
300 _a23 page :
_c 24 cm.
_billustration ;
336 _2rda contenu
_a texte
337 _2rda medias
_aOrdinateur
338 _2 transporteur rda
_a Ressource en ligne
504 _aBibliography: pages 200-250. 240-220
546 _aTexte en français
650 1 4 _aDroit international public
_2qrmak
651 1 _2qrmak
856 4 0 _uhttps://fll.law.cu.edu.eg/fulltext/bks/B11-06903.pdf
905 _a67
942 _2ddc
_cBK
_e21
_n0
999 _c69724
_d69724